Fundamentals of data structures in C++ (Record no. 481144)

000 -LEADER
fixed length control field 00458 a2200157 4500
020 ## - INTERNATIONAL STANDARD BOOK NUMBER
International Standard Book Number 0716782928
082 ## - DEWEY DECIMAL CLASSIFICATION NUMBER
Classification number 007.73
090 ## - LOCALLY ASSIGNED LC-TYPE CALL NUMBER (OCLC); LOCAL CALL NUMBER (RLIN)
-- 312
-- 312
100 ## - MAIN ENTRY--PERSONAL NAME
Personal name Ellis Horowitz
245 ## - TITLE STATEMENT
Title Fundamentals of data structures in C++
Statement of responsibility, etc. Horowitz, Ellis
260 ## - PUBLICATION, DISTRIBUTION, ETC.
Place of publication, distribution, etc. New York
Name of publisher, distributor, etc. Computer science press
Date of publication, distribution, etc. 1995
300 ## - PHYSICAL DESCRIPTION
Extent xx, 653 p.
Other physical details ill.
Dimensions 24 cm.
500 ## - GENERAL NOTE
General note Includes index
650 ## - SUBJECT ADDED ENTRY--TOPICAL TERM
Topical term or geographic name entry element C++ (computer program) 2. data structures (computer science)
942 ## - ADDED ENTRY ELEMENTS (KOHA)
Koha item type Book
Holdings
Withdrawn status Lost status Source of classification or shelving scheme Damaged status Not for loan Permanent Location Current Location Date acquired Total Checkouts Full call number Barcode Date last seen Price effective from Koha item type
          School of Civil and Environmental Engineering (SCEE) School of Civil and Environmental Engineering (SCEE) 09/11/2019   005.73 HOR NIT-10435 09/11/2019 09/11/2019 Book
© 2023 Central Library, National University of Sciences and Technology. All Rights Reserved.